[Event "EU-ch U08"]
[Site "Bratislava"]
[Date "2019.08.08"]
[Round "7"]
[White "Karimli, Yusif"]
[Black "Gazdaru, Rares"]
[Result "1/2-1/2"]
[WhiteElo "1658"]
[BlackElo "1394"]
[PlyCount "181"]
[EventDate "2019.08.02"]
[EventType "swiss"]
[EventRounds "9"]
[EventCountry "SVK"]
[SourceTitle "EXT 2020"]
[Source "ChessBase"]
[SourceDate "2019.10.17"]
[SourceVersion "1"]
[SourceVersionDate "2019.10.17"]
[SourceQuality "1"]

1. Nf3 Nf6 2. g3 d5 3. Bg2 Bf5 4. d4 e6 5. c4 c6 6. 0-0 Nbd7 7. Qb3 Qb6 8. c5 Qxb3 9. axb3 Be7 10. Nc3 0-0 11. b4 a6 12. Ne5 Rfe8 13. Nxd7 Nxd7 14. Rd1 Nf6 15. Bf4 Nd7 16. f3 h6 17. e4 Bh7 18. Re1 Bf6 19. Be3 Be7 20. Bf2 Bg5 21. Re2 Red8 22. h4 Bf6 23. Bh3 Nf8 24. exd5 exd5 25. Rae1 Bd3 26. Rd2 Bg6 27. b3 Re8 28. Ra1 Ne6 29. Bxe6 fxe6 30. f4 h5 31. Rda2 Rad8 32. Na4 Bf5 33. Nb6 Kf7 34. Rc1 g6 35. Na4 Re7 36. Nc3 Bg4 37. Nb1 Rde8 38. Nd2 Rf8 39. Rca1 Rfe8 40. Rc1 Rf8 41. b5 axb5 42. Ra7 Rd8 43. Kf1 Bf5 44. Ke2 b4 45. Ra4 Bg7 46. Rca1 Red7 47. Rxb4 Re8 48. Ra7 Rb8 49. Rb6 Ke7 50. b4 Rc7 51. Ke3 Bc2 52. Nf3 Bf6 53. Be1 Be4 54. Ng1 Bc2 55. b5 Kd7 56. Ne2 Bg7 57. Ba5 Bf5 58. bxc6+ bxc6 59. Raa6 Rxb6 60. cxb6 Rb7 61. Bb4 Bf6 62. Nc3 Bc2 63. Kd2 Bb3 64. Bc5 Bd8 65. Ra7 Kc8 66. Ra8+ Rb8 67. Ra7 Bxb6 68. Bxb6 Rxb6 69. Rg7 Bc4 70. Rxg6 Rb2+ 71. Kc1 Rb3 72. Kc2 Kd7 73. Rh6 Rb4 74. Rxh5 Bf1 75. Nd1 Rxd4 76. Ne3 Bh3 77. Rh8 Bf5+ 78. Kc1 Rd3 79. Nxf5 exf5 80. Rh5 Rxg3 81. Rxf5 Rh3 82. Rh5 d4 83. Kd2 Kd6 84. f5 Ke5 85. f6+ Kxf6 86. Rh6+ Kg7 87. Rxc6 Rxh4 88. Kd3 Kf7 89. Rd6 Ke7 90. Rxd4 Rxd4+ 91. Kxd4 1/2-1/2

[Event "EU-ch U08"]
[Site "Bratislava"]
[Date "2019.08.07"]
[Round "6"]
[White "Bouska, Jiri"]
[Black "Gazdaru, Rares"]
[Result "0-1"]
[WhiteElo "1505"]
[BlackElo "1394"]
[PlyCount "170"]
[EventDate "2019.08.02"]
[EventType "swiss"]
[EventRounds "9"]
[EventCountry "SVK"]
[SourceTitle "EXT 2020"]
[Source "ChessBase"]
[SourceDate "2019.10.17"]
[SourceVersion "1"]
[SourceVersionDate "2019.10.17"]
[SourceQuality "1"]

1. e4 c6 2. c4 d5 3. exd5 cxd5 4. cxd5 Nf6 5. Bb5+ Bd7 6. Bc4 Qc7 7. Bb3 Bg4 8. f3 Bf5 9. d4 Bxb1 10. Rxb1 Nxd5 11. Ne2 Nf6 12. Bf4 Qa5+ 13. Nc3 Nbd7 14. 0-0 g6 15. Ne4 h6 16. Re1 Nxe4 17. fxe4 Bg7 18. e5 Qb6 19. Bxf7+ Kxf7 20. e6+ Kg8 21. exd7 Qxd4+ 22. Qxd4 Bxd4+ 23. Kh1 Kf7 24. Rbd1 Bb6 25. Rd3 g5 26. Be3 Ba5 27. Rc1 Bb4 28. Bd4 Rhd8 29. Be5 Ke6 30. Bg7 h5 31. Rc7 b6 32. Bh6 g4 33. g3 Bd6 34. Rb7 Rdb8 35. Rxb8 Rxb8 36. Rd2 Rd8 37. Kg2 Rxd7 38. Re2+ Kf6 39. Bd2 Be5 40. b3 e6 41. Rf2+ Kg6 42. Re2 Bf6 43. Kf2 e5 44. Bc3 Re7 45. Ke3 Rc7 46. Bb2 Re7 47. Ke4 Rd7 48. Rc2 Rd6 49. Re2 Rd7 50. Rf2 Rh7 51. Rg2 h4 52. gxh4 Rxh4 53. Kd5 e4 54. Bc1 Bg5 55. Ba3 e3 56. Bd6 Kf5 57. Bg3 Rh7 58. Kc6 Bf4 59. Kd5 Rd7+ 60. Kc6 Rc7+ 61. Kd5 Rc5+ 62. Kd4 Bxg3 63. hxg3 Re5 64. Re2 Ra5 65. a4 Re5 66. Rxe3 Rxe3 67. Kxe3 Ke5 68. b4 a6 69. a5 b5 70. Kd3 Kd5 71. Kc3 Ke4 72. Kb3 Kf3 73. Kc3 Kxg3 74. Kd4 Kf4 75. Kc5 g3 76. Kb6 g2 77. Kxa6 g1Q 78. Kxb5 Qa7 79. Kc6 Ke5 80. b5 Qxa5 81. b6 Qa8+ 82. b7 Qb8 83. Kb6 Kd5 84. Ka6 Kc5 85. Ka5 Qa7# 0-1

[Event "EU-ch U08"]
[Site "Bratislava"]
[Date "2019.08.05"]
[Round "4"]
[White "Tereschenko, Savva"]
[Black "Gazdaru, Rares"]
[Result "0-1"]
[WhiteElo "1144"]
[BlackElo "1394"]
[PlyCount "130"]
[EventDate "2019.08.02"]
[EventType "swiss"]
[EventRounds "9"]
[EventCountry "SVK"]
[SourceTitle "EXT 2020"]
[Source "ChessBase"]
[SourceDate "2019.10.17"]
[SourceVersion "1"]
[SourceVersionDate "2019.10.17"]
[SourceQuality "1"]

1. d4 Nf6 2. Bg5 d5 3. Bxf6 exf6 4. e3 Bf5 5. Bd3 Bxd3 6. Qxd3 c6 7. Nf3 Bd6 8. Nbd2 0-0 9. 0-0 Nd7 10. c4 dxc4 11. Nxc4 Nb6 12. Nxd6 Qxd6 13. Rab1 Rac8 14. b4 a6 15. Nd2 Qe6 16. Qb3 Qe7 17. Nc4 Nd5 18. f3 b5 19. Na5 Qxe3+ 20. Qxe3 Nxe3 21. Rfe1 Nc2 22. Red1 Rfd8 23. Rbc1 Nxd4 24. Kf2 Ne6 25. Rxd8+ Nxd8 26. Rd1 Kf8 27. Rd7 Ke8 28. Ra7 c5 29. Rxa6 cxb4 30. Nb3 Ne6 31. Kg3 f5 32. Rb6 Rc2 33. Rxb5 Rxa2 34. Rxb4 f4+ 35. Kh3 h6 36. g3 fxg3 37. Kxg3 g5 38. Rb8+ Ke7 39. Rb7+ Kf6 40. Rb6 h5 41. Nc5 h4+ 42. Kh3 Rf2 43. Ne4+ Kf5 44. Rxe6 Rxf3+ 45. Kg2 Re3 46. Rf6+ Kxe4 47. Rxf7 g4 48. Re7+ Kf4 49. Rf7+ Kg5 50. Rg7+ Kf5 51. Rf7+ Kg6 52. Rf4 Kg5 53. Rf2 Re1 54. h3 Re3 55. hxg4 Kxg4 56. Rf8 Re2+ 57. Kf1 Ra2 58. Rg8+ Kh3 59. Rb8 Kh2 60. Rf8 Ra1+ 61. Ke2 h3 62. Rf2+ Kg1 63. Rf8 Ra2+ 64. Ke1 h2 65. Rg8+ Rg2 0-1

[Event "ROM-ch U08"]
[Site "Calimanesti Caciulata"]
[Date "2019.04.19"]
[Round "6"]
[White "Muresan, Marian Gabriel"]
[Black "Gazdaru, Rares"]
[Result "0-1"]
[WhiteElo "1330"]
[BlackElo "1259"]
[PlyCount "144"]
[EventDate "2019.04.15"]
[EventType "swiss"]
[EventRounds "9"]
[EventCountry "ROU"]
[SourceTitle "CBM 190 Extra"]
[Source "ChessBase"]
[SourceDate "2019.07.15"]
[SourceVersion "1"]
[SourceVersionDate "2019.07.15"]
[SourceQuality "1"]

1. e4 c6 2. Nc3 d5 3. Qf3 Nf6 4. h3 dxe4 5. Nxe4 Nxe4 6. Qxe4 Nd7 7. Bc4 Nf6 8. Qf3 e5 9. Qg3 Qd4 10. d3 Bb4+ 11. Kf1 Ne4 12. Qe3 Qxe3 13. Bxe3 Nd2+ 14. Bxd2 Bxd2 15. Nf3 Ba5 16. Nxe5 f6 17. Nf7 Rf8 18. Nd6+ Kd7 19. Nf5 g6 20. Ng7 Kd6 21. c3 Bd7 22. Re1 b5 23. Bb3 Rab8 24. g4 b4 25. cxb4 Rxb4 26. Re3 Bb6 27. Re4 Rxb3 28. axb3 Rg8 29. Kg2 Rxg7 30. Rhe1 f5 31. Rf4 g5 32. Rf3 fxg4 33. hxg4 Bxg4 34. Rf6+ Kc7 35. Rc1 Bd7 36. Rc2 h5 37. b4 a6 38. Rc4 h4 39. d4 Kb7 40. Rh6 h3+ 41. Kh1 Bg4 42. b3 Bc7 43. Rc3 Re7 44. Rc1 Bf3+ 45. Kg1 h2+ 46. Rxh2 Bxh2+ 47. Kxh2 Re4 48. Rc4 Bd1 49. Kg3 Bxb3 50. Rc3 Bd5 51. Rd3 Re2 52. f3 Rb2 53. Kg4 Rxb4 54. Kxg5 Rb3 55. Rxb3+ Bxb3 56. f4 a5 57. f5 a4 58. f6 a3 59. Kg6 a2 60. f7 Bxf7+ 61. Kxf7 a1Q 62. Ke6 Qxd4 63. Kf7 Qe5 64. Kg6 Qf4 65. Kg7 Qf5 66. Kg8 Qf6 67. Kh7 Qg5 68. Kh8 Kc7 69. Kh7 Kd7 70. Kh8 Ke7 71. Kh7 Kf7 72. Kh8 Qh6# 0-1